Polizisten und Gewalt: Innenansichten aus dem Polizeialltag

Gespeichert in:  
Bibliographische Detailangaben
1. VerfasserIn: Maibach, Gerda (Verfasst von)
Medienart: Druck Buch
Sprache:Deutsch
Veröffentlicht: Reinbek bei Hamburg Rowohlt 1996
In:Jahr: 1996
Ausgabe:Orig.-Ausg.
Bestand in Tübingen:In Tübingen vorhanden.
IFK: J III 168
Verfügbarkeit prüfen: HBZ Gateway
Subito Bestelldienst: Jetzt bestellen.
Schlagwörter:

MARC

LEADER 00000cam a2200000 c 4500
001 214863379
003 DE-627
005 20251222205249.0
007 tu
008 960829s1996 gw ||||| 00| ||ger c
016 7 |a 947556451  |2 DE-101 
020 |a 3499139383  |9 3-499-13938-3 
024 3 |a 9783499139383 
035 |a (DE-627)214863379 
035 |a (DE-576)052221024 
035 |a (DE-599)GBV214863379 
035 |a (OCoLC)42204339 
035 |a (OCoLC)42204339 
035 |a (AT-OBV)AC05624158 
035 |a (DE-478)942866546 
035 |a (DE-H357)his4585 
035 |a (DE-Rt5)3355803 
040 |a DE-627  |b ger  |c DE-627  |e rakwb 
041 |a ger 
044 |c XA-DE  |c XA-DE-SH 
082 0 |a 363.20943  |q OCLC 
082 0 4 |a 14  |q dnb 
084 |a Hbl 1  |2 asb 
084 |a Hfl  |2 asb 
084 |a Ke  |2 asb 
084 |a POL 977  |2 sfb 
084 |a S 657  |2 sfb 
084 |a B 402  |2 kab 
084 |a D 417  |2 kab 
084 |a E 825  |2 kab 
084 |a 20  |2 sdnb 
084 |a MG 15950  |2 rvk  |0 (DE-625)rvk/122818:12227 
084 |a 88.17  |2 bkl 
100 1 |a Maibach, Gerda  |4 aut 
245 1 0 |a Polizisten und Gewalt  |b Innenansichten aus dem Polizeialltag  |c Gerda Maibach 
250 |a Orig.-Ausg. 
263 |a kart. : DM 14.90, öS 110.00 
264 1 |a Reinbek bei Hamburg  |b Rowohlt  |c 1996 
300 |a 205 S.  |c 19 cm 
336 |a Text  |b txt  |2 rdacontent 
337 |a ohne Hilfsmittel zu benutzen  |b n  |2 rdamedia 
338 |a Band  |b nc  |2 rdacarrier 
361 1 |5 DE-18  |y 4750823899  |s R/21137  |o Vorbesitz  |a Bucharchiv des Rowohlt-Verlages  |f Stempel 
490 0 |a rororo  |v 13938  |a rororo aktuell 
583 1 |a Archivierung prüfen  |c 20240324  |f DE-4165  |z 1  |2 pdager 
583 1 |a Archivierung/Langzeitarchivierung gewährleistet  |c 20240722  |f NI-LastCopies  |x XA-DE-NI  |z Potenzieller Alleinbesitz Niedersachsen  |2 pdager  |5 DE-89 
650 4 |a Polizei 
650 4 |a Gewalt 
655 7 |a Interview  |0 (DE-588)4027503-6  |0 (DE-627)104767812  |0 (DE-576)208971211  |2 gnd-content 
689 0 0 |d g  |0 (DE-588)4011882-4  |0 (DE-627)104704861  |0 (DE-576)208896155  |a Deutschland  |2 gnd 
689 0 1 |d s  |0 (DE-588)4135253-1  |0 (DE-627)104451092  |0 (DE-576)209659211  |a Polizeibeamter  |2 gnd 
689 0 2 |d s  |0 (DE-588)4020832-1  |0 (DE-627)10631663X  |0 (DE-576)208934979  |a Gewalt  |2 gnd 
689 0 |5 DE-101 
689 1 0 |d s  |0 (DE-588)4003730-7  |0 (DE-627)10468299X  |0 (DE-576)208852646  |a Ausländerfeindlichkeit  |2 gnd 
689 1 |5 DE-101 
935 |i Blocktest 
936 r v |a MG 15950  |b Sicherheit (Polizei, Geheimdienste, Verfassungsschutz)  |k Politologie  |k Politische Systeme einzelner Länder  |k Europa, Nordamerika  |k Westeuropa, Mitteleuropa  |k Bundesrepublik Deutschland  |k Bundesrepublik Deutschland  |k Einzelne politische Sachgebiete  |k Sicherheit (Polizei, Geheimdienste, Verfassungsschutz)  |0 (DE-627)127148093X  |0 (DE-625)rvk/122818:12227  |0 (DE-576)20148093X 
936 b k |a 88.17  |j Ordnungskräfte  |0 (DE-627)10641383X 
938 1 0 |0 (DE-627)175614625X  |0 (DE-615)6603417  |a Deutschland  |2 fivt 
951 |a BO 
ELC |b 1 
LOK |0 000 xxxxxcx a22 zn 4500 
LOK |0 001 3121656856 
LOK |0 003 DE-627 
LOK |0 004 214863379 
LOK |0 005 20010517000000 
LOK |0 008 960909||||||||||||||||ger||||||| 
LOK |0 040   |a DE-21-110  |c DE-627  |d DE-21-110 
LOK |0 852   |a DE-21-110 
LOK |0 852 1  |c J III 168  |m p  |9 00 
LOK |0 935   |a k110 
LOK |0 938   |k p 
LOK |0 939   |a 09-09-96  |b l01 
ORI |a SA-MARC-krimdoka001.raw 
SIG |a IFK: J III 168 
TIM |a 100019901003_100020261231  |b 1990-10-03 - 2026